<?xml version="1.0" encoding="UTF-8"?>
<record
    xmlns:xsi="http://www.w3.org/2001/XMLSchema-instance"
    xsi:schemaLocation="http://www.loc.gov/MARC21/slim http://www.loc.gov/standards/marcxml/schema/MARC21slim.xsd"
    xmlns="http://www.loc.gov/MARC21/slim">

  <leader>02898njm a2200505Ia 4500</leader>
  <controlfield tag="001">25676</controlfield>
  <controlfield tag="003">IT-RoPAU</controlfield>
  <controlfield tag="005">20220918181117.0</controlfield>
  <controlfield tag="008">131025s9999    xx            000 0 und d</controlfield>
  <datafield tag="040" ind1=" " ind2=" ">
    <subfield code="a">IT-RoPAU</subfield>
  </datafield>
  <datafield tag="040" ind1=" " ind2=" ">
    <subfield code="c">IT-RoPAU</subfield>
  </datafield>
  <datafield tag="999" ind1=" " ind2=" ">
    <subfield code="c">99538</subfield>
    <subfield code="d">99538</subfield>
  </datafield>
  <datafield tag="999" ind1=" " ind2=" ">
    <subfield code="b">n.d.</subfield>
  </datafield>
  <datafield tag="100" ind1=" " ind2=" ">
    <subfield code="a">AA.VV.</subfield>
    <subfield code="9">794</subfield>
  </datafield>
  <datafield tag="100" ind1=" " ind2=" ">
    <subfield code="e">Autore musica</subfield>
    <subfield code="9">13472</subfield>
  </datafield>
  <datafield tag="100" ind1=" " ind2=" ">
    <subfield code="g">Codice autore musica SPICS: 12000</subfield>
    <subfield code="9">796</subfield>
  </datafield>
  <datafield tag="245" ind1=" " ind2=" ">
    <subfield code="a">Hi-Fi Meet jJazz-Big Four</subfield>
  </datafield>
  <datafield tag="250" ind1=" " ind2=" ">
    <subfield code="a">2a ed.</subfield>
  </datafield>
  <datafield tag="260" ind1=" " ind2=" ">
    <subfield code="a">MILANO</subfield>
  </datafield>
  <datafield tag="260" ind1=" " ind2=" ">
    <subfield code="b">MUSICA JAZZ</subfield>
    <subfield code="c">1982 [1a Ed.:1981 - Ed. Lingua Orig.: 1940]</subfield>
  </datafield>
  <datafield tag="300" ind1=" " ind2=" ">
    <subfield code="a">DISCO</subfield>
  </datafield>
  <datafield tag="300" ind1=" " ind2=" ">
    <subfield code="c">41 minuti (Testo:  pag.)</subfield>
  </datafield>
  <datafield tag="500" ind1=" " ind2=" ">
    <subfield code="a">Musica jazz</subfield>
  </datafield>
  <datafield tag="505" ind1=" " ind2=" ">
    <subfield code="a">If I Could Be With You (5:00) - That's a Plenty (5:00) - Sweet Lorraine (5:00) - China Boy (4:00) - Squeeze Me (3:00) - Nobody's Sweetheart (4:00) - Big Four Blues (5:00) - There'll Be Some Changes Made (5:00) - On the Sunny Side of the Street (5:00) - Chicago (4:00)</subfield>
  </datafield>
  <datafield tag="511" ind1=" " ind2=" ">
    <subfield code="a">Klein Oscar: tromba; Patruno Lino: chitarra; Bagnoli Carlo: sax soprano; Ratti Marco: contrabbasso</subfield>
  </datafield>
  <datafield tag="650" ind1=" " ind2=" ">
    <subfield code="a">JAZZ [DISCHI]</subfield>
    <subfield code="e">Codice MATERIA SPICS: 9950</subfield>
    <subfield code="9">13473</subfield>
  </datafield>
  <datafield tag="700" ind1=" " ind2=" ">
    <subfield code="a">Kramer Gorni</subfield>
    <subfield code="d">Codice autore musica SPICS: 11552</subfield>
    <subfield code="e">Autore musica</subfield>
    <subfield code="p">If I Could Be With You</subfield>
    <subfield code="9">13474</subfield>
  </datafield>
  <datafield tag="700" ind1=" " ind2=" ">
    <subfield code="a">Johnson</subfield>
    <subfield code="d">Codice autore SPICS: 20146</subfield>
    <subfield code="e">Autore</subfield>
    <subfield code="p">If I Could Be With You</subfield>
    <subfield code="9">13475</subfield>
  </datafield>
  <datafield tag="700" ind1=" " ind2=" ">
    <subfield code="a">Pollack Ben</subfield>
    <subfield code="d">Codice autore musica SPICS: 10735</subfield>
    <subfield code="e">Autore musica</subfield>
    <subfield code="p">That's a Plenty</subfield>
    <subfield code="9">13476</subfield>
  </datafield>
  <datafield tag="700" ind1=" " ind2=" ">
    <subfield code="a">Burwell Clifford</subfield>
    <subfield code="d">Codice autore musica SPICS: 20258</subfield>
    <subfield code="e">Autore musica</subfield>
    <subfield code="p">Sweet Lorraine</subfield>
    <subfield code="9">13477</subfield>
  </datafield>
  <datafield tag="700" ind1=" " ind2=" ">
    <subfield code="a">Parish Mitchell</subfield>
    <subfield code="d">Codice autore SPICS: 23767</subfield>
    <subfield code="e">Autore</subfield>
    <subfield code="p">Sweet Lorraine</subfield>
    <subfield code="9">13478</subfield>
  </datafield>
  <datafield tag="700" ind1=" " ind2=" ">
    <subfield code="a">Winfree</subfield>
    <subfield code="d">Codice autore musica SPICS: 27779</subfield>
    <subfield code="e">Autore musica</subfield>
    <subfield code="p">China Boy</subfield>
    <subfield code="9">13479</subfield>
  </datafield>
  <datafield tag="700" ind1=" " ind2=" ">
    <subfield code="a">Bouteljie</subfield>
    <subfield code="d">Codice autore SPICS: 20919</subfield>
    <subfield code="e">Autore</subfield>
    <subfield code="p">China Boy</subfield>
    <subfield code="9">13480</subfield>
  </datafield>
  <datafield tag="700" ind1=" " ind2=" ">
    <subfield code="a">Waller Thomas Fats</subfield>
    <subfield code="d">Codice autore musica SPICS: 15948</subfield>
    <subfield code="e">Autore musica</subfield>
    <subfield code="p">Squeeze Me</subfield>
    <subfield code="9">13481</subfield>
  </datafield>
  <datafield tag="700" ind1=" " ind2=" ">
    <subfield code="a">Williams</subfield>
    <subfield code="d">Codice autore SPICS: 20150</subfield>
    <subfield code="e">Autore</subfield>
    <subfield code="p">Squeeze Me</subfield>
    <subfield code="9">13482</subfield>
  </datafield>
  <datafield tag="700" ind1=" " ind2=" ">
    <subfield code="a">Kahn</subfield>
    <subfield code="d">Codice autore musica SPICS: 19977</subfield>
    <subfield code="e">Autore musica</subfield>
    <subfield code="p">Nobody's Sweetheart</subfield>
    <subfield code="9">13483</subfield>
  </datafield>
  <datafield tag="700" ind1=" " ind2=" ">
    <subfield code="a">Erdman</subfield>
    <subfield code="d">Codice autore SPICS: 27780</subfield>
    <subfield code="e">Autore</subfield>
    <subfield code="p">Nobody's Sweetheart</subfield>
    <subfield code="9">13484</subfield>
  </datafield>
  <datafield tag="700" ind1=" " ind2=" ">
    <subfield code="a">Schoebel</subfield>
    <subfield code="d">Codice autore testo/musica SPICS: 20143</subfield>
    <subfield code="e">Autore testo/musica</subfield>
    <subfield code="p">Nobody's Sweetheart</subfield>
    <subfield code="9">13485</subfield>
  </datafield>
  <datafield tag="700" ind1=" " ind2=" ">
    <subfield code="a">Patruno Lino</subfield>
    <subfield code="d">Codice autore musica SPICS: 27781</subfield>
    <subfield code="e">Autore musica</subfield>
    <subfield code="p">Big Four Blues</subfield>
    <subfield code="9">13486</subfield>
  </datafield>
  <datafield tag="700" ind1=" " ind2=" ">
    <subfield code="a">Higgins A.P.</subfield>
    <subfield code="d">Codice autore musica SPICS: 5489</subfield>
    <subfield code="e">Autore musica</subfield>
    <subfield code="p">There'll Be Some Changes Made</subfield>
    <subfield code="9">13487</subfield>
  </datafield>
  <datafield tag="700" ind1=" " ind2=" ">
    <subfield code="a">Overstreet</subfield>
    <subfield code="d">Codice autore SPICS: 20154</subfield>
    <subfield code="e">Autore</subfield>
    <subfield code="p">There'll Be Some Changes Made</subfield>
    <subfield code="9">13488</subfield>
  </datafield>
  <datafield tag="700" ind1=" " ind2=" ">
    <subfield code="a">Fields Dorothy</subfield>
    <subfield code="d">Codice autore musica SPICS: 15865</subfield>
    <subfield code="e">Autore musica</subfield>
    <subfield code="p">On the Sunny Side of the Street</subfield>
    <subfield code="9">13489</subfield>
  </datafield>
  <datafield tag="700" ind1=" " ind2=" ">
    <subfield code="a">McHugh Jimmy</subfield>
    <subfield code="d">Codice autore SPICS: 16297</subfield>
    <subfield code="e">Autore</subfield>
    <subfield code="p">On the Sunny Side of the Street</subfield>
    <subfield code="9">13490</subfield>
  </datafield>
  <datafield tag="700" ind1=" " ind2=" ">
    <subfield code="a">Fisher</subfield>
    <subfield code="d">Codice autore musica SPICS: 20482</subfield>
    <subfield code="e">Autore musica</subfield>
    <subfield code="p">Chicago</subfield>
    <subfield code="9">13491</subfield>
  </datafield>
  <datafield tag="942" ind1=" " ind2=" ">
    <subfield code="c">MD</subfield>
    <subfield code="2">ddc</subfield>
  </datafield>
  <datafield tag="952" ind1=" " ind2=" ">
    <subfield code="0">0</subfield>
    <subfield code="1">0</subfield>
    <subfield code="4">0</subfield>
    <subfield code="6">25676_000000000000000</subfield>
    <subfield code="7">1</subfield>
    <subfield code="a">SPICS</subfield>
    <subfield code="b">SPICS</subfield>
    <subfield code="d">2013-10-25</subfield>
    <subfield code="l">0</subfield>
    <subfield code="o">25676</subfield>
    <subfield code="r">2013-10-25 00:00:00</subfield>
    <subfield code="w">2013-10-25</subfield>
    <subfield code="y">MD</subfield>
    <subfield code="z">Progr. Ins.: 5550 / N.Vol.: 1 / Copie: 1 - Copia rara: n.d. / date import: 01.01.2014 - By Epidotti, Trombetti, Vaglietti</subfield>
  </datafield>
</record>
